Logigramme - Harry Potter - Statistiques

Statistiques générales
  • Ce quiz a été pris 1 037 fois
  • Le résultat moyen est 52 sur 150
Réponses sur la Carte
Les réponses sont colorées sur une échelle allant du rouge au vert en fonction du pourcentage des utilisateurs qui les ont devinées à leur premier essai. Vous pouvez retrouver ces pourcentages ci-dessous.
 
Statistiques - réponses
Réponse % Correct
v
70%
x
64%
x
59%
x
59%
x
57%
x
56%
x
55%
x
54%
x
54%
x
54%
x
54%
x
53%
x
53%
x
53%
v
51%
x
51%
v
50%
x
50%
x
49%
x
49%
x
48%
v
47%
x
46%
v
45%
x
45%
x
45%
x
45%
x
45%
x
45%
x
44%
x
44%
x
44%
v
43%
x
43%
x
43%
x
43%
x
43%
x
43%
v
42%
x
41%
x
41%
x
41%
x
40%
x
40%
x
40%
x
39%
x
39%
x
39%
x
39%
x
39%
x
39%
x
39%
x
39%
x
39%
x
38%
x
37%
x
37%
x
37%
x
36%
x
36%
x
36%
v
35%
x
35%
x
35%
x
35%
x
35%
x
35%
x
35%
x
35%
v
34%
x
34%
x
34%
x
34%
x
34%
x
34%
x
34%
x
34%
v
33%
x
33%
v
32%
x
32%
x
32%
x
32%
x
32%
v
31%
x
31%
x
31%
v
30%
x
30%
x
30%
x
30%
x
30%
x
30%
x
30%
x
30%
x
30%
x
29%
x
29%
x
29%
x
29%
x
29%
v
28%
x
28%
v
27%
v
26%
v
26%
x
26%
x
26%
x
26%
x
26%
x
25%
x
25%
x
25%
v
24%
v
24%
x
24%
x
24%
x
24%
x
24%
x
24%
x
24%
v
23%
v
23%
x
23%
x
23%
x
23%
x
23%
v
22%
x
22%
x
22%
x
22%
x
22%
x
22%
x
22%
v
21%
x
21%
x
21%
x
21%
x
21%
x
21%
v
20%
v
20%
v
20%
x
20%
x
20%
x
20%
v
19%
v
19%
v
19%
v
18%
Aucun quiz correspondant
Distribution des résultats
% des personnes avec chaque résultat
Percentile par nombre de réponses
Votre historique - résultats
Vous n’avez pas pris ce quiz